[Event "Budapest Karacsonyi op 6th"]
[Site "Budapest"]
[Date "2014.12.30"]
[Round "6"]
[White "Geher, Laszlo"]
[Black "Banhidi, Ferenc"]
[Result "1/2-1/2"]
[WhiteElo "1859"]
[BlackElo "1769"]
[PlyCount "79"]
[EventDate "2014.12.27"]
[EventType "swiss"]
[EventRounds "7"]
[EventCountry "HUN"]
[SourceTitle "EXT 2020"]
[Source "ChessBase"]
[SourceDate "2019.10.17"]
[SourceVersion "1"]
[SourceVersionDate "2019.10.17"]
[SourceQuality "1"]

1. e4 e5 2. Nf3 Nc6 3. Bc4 Nf6 4. d3 Be7 5. 0-0 0-0 6. Nc3 d6 7. h3 Nd4 8. Be3 Nxf3+ 9. Qxf3 Be6 10. Rad1 a6 11. Rfe1 Nd7 12. Qe2 Bg5 13. Qh5 Bxe3 14. Rxe3 b5 15. Bb3 b4 16. Ne2 Bxb3 17. axb3 Nf6 18. Qh4 Nd7 19. Qh5 g6 20. Qh6 f5 21. exf5 Rxf5 22. Ng3 Rf4 23. Nh5 Qf8 24. Qxf8+ Rfxf8 25. Ng3 a5 26. Ra1 Nc5 27. Ne2 a4 28. d4 exd4 29. Nxd4 Rf4 30. Nc6 Raf8 31. bxa4 Rxf2 32. Nxb4 R2f4 33. Nd5 R4f7 34. a5 Na6 35. b4 Rb8 36. c3 c5 37. Rb1 cxb4 38. cxb4 Rb5 39. Rd3 Kg7 40. Nc3 1/2-1/2

[Event "Budapest Karacsonyi op 4th"]
[Site "Budapest"]
[Date "2012.12.30"]
[Round "7"]
[White "Kalman, Tamas"]
[Black "Banhidi, Ferenc"]
[Result "0-1"]
[WhiteElo "1575"]
[BlackElo "1783"]
[PlyCount "74"]
[EventDate "2012.12.27"]
[EventType "swiss"]
[EventRounds "7"]
[EventCountry "HUN"]
[SourceTitle "EXT 2014"]
[Source "ChessBase"]
[SourceDate "2013.11.20"]
[SourceVersion "1"]
[SourceVersionDate "2013.11.20"]
[SourceQuality "1"]

1. e4 e5 2. Nf3 Nc6 3. Bb5 a6 4. Ba4 Nf6 5. 0-0 b5 6. Bb3 Be7 7. Re1 0-0 8. c3 d5 9. exd5 Nxd5 10. Nxe5 Nxe5 11. Rxe5 c6 12. d4 Bd6 13. Re1 Qh4 14. g3 Qh3 15. Qf3 Bg4 16. Qg2 Qh5 17. Be3 Bf3 18. Qf1 Rae8 19. Nd2 f5 20. Nxf3 Qxf3 21. Qg2 Qxg2+ 22. Kxg2 Re6 23. Bd2 Ref6 24. f4 Kh8 25. a4 h6 26. axb5 axb5 27. Bc2 h5 28. h4 Kh7 29. b3 Kh6 30. c4 bxc4 31. bxc4 Nb4 32. Bd1 Rb8 33. c5 Bc7 34. Re7 Nd5 35. Rd7 Rb2 36. Kf3 Rxd2 37. Bb3 Rd3+ 0-1

[Event "Budapest Karacsonyi op 4th"]
[Site "Budapest"]
[Date "2012.12.28"]
[Round "3"]
[White "Banhidi, Ferenc"]
[Black "Viola, Gellert"]
[Result "1-0"]
[WhiteElo "1783"]
[BlackElo "1181"]
[PlyCount "117"]
[EventDate "2012.12.27"]
[EventType "swiss"]
[EventRounds "7"]
[EventCountry "HUN"]
[SourceTitle "EXT 2014"]
[Source "ChessBase"]
[SourceDate "2013.11.20"]
[SourceVersion "1"]
[SourceVersionDate "2013.11.20"]
[SourceQuality "1"]

1. e4 c5 2. Nc3 Nc6 3. g3 d6 4. Bg2 Nf6 5. d3 g6 6. Nge2 Bg7 7. 0-0 0-0 8. Bg5 Bd7 9. Qd2 a6 10. Nf4 Re8 11. Nfd5 Nxd5 12. Nxd5 Rc8 13. c3 b5 14. Qf4 a5 15. Qh4 f6 16. Bd2 Ne5 17. d4 cxd4 18. cxd4 Nf7 19. a3 Rc2 20. Bc3 Bc6 21. Ne3 Re2 22. Qg4 Rxe3 23. fxe3 Qc7 24. Rac1 Qb6 25. b4 a4 26. Qe2 Rc8 27. Rc2 Rc7 28. Rfc1 Ng5 29. d5 Bd7 30. Bd4 Rxc2 31. Qxc2 Qb7 32. Qc7 Qxc7 33. Rxc7 Bg4 34. Rxe7 Kf8 35. Rb7 Be2 36. h4 Nf7 37. Bh3 Bd3 38. Bg2 Bc4 39. Bf1 Ke8 40. Rc7 Bxf1 41. Kxf1 Kf8 42. Rb7 Nh6 43. Rxb5 Ng4 44. Rb7 Ne5 45. Bxe5 fxe5 46. Ke2 h6 47. Rd7 Bf6 48. Rxd6 Ke7 49. Ra6 Bg7 50. Rxg6 Kf7 51. Re6 Bf8 52. b5 h5 53. b6 Bc5 54. b7 Ba7 55. Ra6 Bb8 56. Rxa4 Ke7 57. Rc4 Kd7 58. Kd3 Ba7 59. Rc8 1-0

[Event "Budapest Karacsonyi op 4th"]
[Site "Budapest"]
[Date "2012.12.27"]
[Round "1"]
[White "Dombai, Istvan"]
[Black "Banhidi, Ferenc"]
[Result "1-0"]
[WhiteElo "2183"]
[BlackElo "1783"]
[PlyCount "101"]
[EventDate "2012.12.27"]
[EventType "swiss"]
[EventRounds "7"]
[EventCountry "HUN"]
[SourceTitle "EXT 2014"]
[Source "ChessBase"]
[SourceDate "2013.11.20"]
[SourceVersion "1"]
[SourceVersionDate "2013.11.20"]
[SourceQuality "1"]

1. d4 Nf6 2. Nf3 e6 3. e3 b6 4. Nbd2 Bb7 5. Bd3 Be7 6. 0-0 0-0 7. Qe2 c5 8. Rd1 d6 9. a4 Nc6 10. c3 Qc7 11. Nf1 e5 12. dxe5 dxe5 13. e4 h6 14. N3d2 Bc8 15. Ne3 Be6 16. f3 Rfd8 17. Ndc4 Bf8 18. Bd2 Rd7 19. Be1 Nh5 20. g3 Nf6 21. g4 Rad8 22. Bg3 Bxc4 23. Bxc4 Rxd1+ 24. Rxd1 Rxd1+ 25. Qxd1 Qd6 26. Qe2 g6 27. h4 Ne7 28. Bb5 Bg7 29. Nc4 Qe6 30. Bxe5 Nd7 31. Bxg7 Kxg7 32. Bxd7 Qxd7 33. b3 Qc7 34. Kg2 Nc6 35. e5 Qe7 36. Qe4 Nd8 37. Kg3 Qd7 38. Nd6 Ne6 39. f4 Nd8 40. f5 Qc6 41. Kf4 Qxe4+ 42. Kxe4 Kf8 43. Kd5 Ke7 44. Nc8+ Kd7 45. Nxa7 Nb7 46. Nc6 c4 47. b4 Kc7 48. Ne7 g5 49. h5 Kd7 50. Ng8 Ke8 51. Kc6 1-0

[Event "Budapest Karacsonyi op 3rd"]
[Site "Budapest"]
[Date "2011.12.30"]
[Round "7"]
[White "Lakat, Gyula"]
[Black "Banhidi, Ferenc"]
[Result "1/2-1/2"]
[WhiteElo "1871"]
[BlackElo "1804"]
[PlyCount "79"]
[EventDate "2011.12.27"]
[EventType "swiss"]
[EventRounds "7"]
[EventCountry "HUN"]
[SourceTitle "EXT 2020"]
[Source "ChessBase"]
[SourceDate "2019.10.17"]
[SourceVersion "1"]
[SourceVersionDate "2019.10.17"]
[SourceQuality "1"]

1. c4 Nf6 2. Nc3 e6 3. g3 Nc6 4. e4 d6 5. f4 Be7 6. Nf3 0-0 7. d4 e5 8. d5 Nb8 9. fxe5 Ng4 10. exd6 Bxd6 11. Bf4 Re8 12. Bd3 f5 13. 0-0 Bc5+ 14. Kg2 Nd7 15. exf5 Be3 16. h3 Bxf4 17. hxg4 Bd6 18. Ne4 Nf6 19. Nxf6+ Qxf6 20. g5 Qxb2+ 21. Rf2 Qa3 22. Qc2 Re3 23. Rd1 Bd7 24. Qb3 Ba4 25. Qxa3 Bxa3 26. Bc2 Bd7 27. Rd3 Rxd3 28. Bxd3 Re8 29. g4 Bc5 30. Re2 Kf8 31. Ne5 Bc8 32. f6 gxf6 33. gxf6 Bd6 34. Nf3 Rxe2+ 35. Bxe2 Bxg4 36. Bd3 Bxf3+ 37. Kxf3 Kf7 38. Bxh7 Kxf6 39. Ke4 b6 40. Bf5 1/2-1/2

[Event "Budapest Karacsonyi op 3rd"]
[Site "Budapest"]
[Date "2011.12.29"]
[Round "5"]
[White "Toth, Antal"]
[Black "Banhidi, Ferenc"]
[Result "0-1"]
[WhiteElo "1657"]
[BlackElo "1804"]
[PlyCount "112"]
[EventDate "2011.12.27"]
[EventType "swiss"]
[EventRounds "7"]
[EventCountry "HUN"]
[SourceTitle "EXT 2020"]
[Source "ChessBase"]
[SourceDate "2019.10.17"]
[SourceVersion "1"]
[SourceVersionDate "2019.10.17"]
[SourceQuality "1"]

1. e4 e5 2. Nf3 Nc6 3. Bb5 a6 4. Bxc6 dxc6 5. 0-0 Bd6 6. d4 Bg4 7. dxe5 Bxf3 8. Qxf3 Bxe5 9. c3 Qf6 10. Qh3 Qe6 11. Qxe6+ fxe6 12. f4 Bd6 13. Be3 0-0-0 14. Nd2 Bf8 15. Nf3 Re8 16. Rad1 Nh6 17. h3 Nf7 18. Bd4 Rg8 19. e5 Be7 20. Nd2 c5 21. Be3 Rd8 22. Ne4 b6 23. Kf2 g5 24. g4 gxf4 25. Bxf4 Rdf8 26. Ke2 Ng5 27. Bxg5 Rxf1 28. Rxf1 Bxg5 29. Rf7 h6 30. Ng3 Bc1 31. b3 Rd8 32. Ne4 Rd5 33. Nf6 Rxe5+ 34. Kd1 Bg5 35. Ne8 Re3 36. Nxc7 Rd3+ 37. Kc2 Rd7 38. Rxd7 Kxd7 39. Nxa6 Bf4 40. Kd3 Kc6 41. a4 Kb7 42. Nxc5+ bxc5 43. Ke4 Bg3 44. b4 Kc6 45. b5+ Kb6 46. c4 Ka5 47. Kd3 Kxa4 48. Kc3 Be5+ 49. Kd3 Kb4 50. h4 Bf6 51. h5 Bd8 52. b6 Bxb6 53. g5 Bd8 54. gxh6 Bf6 55. h7 Bh8 56. h6 Bf6 0-1

[Event "Budapest Karacsonyi op 2nd"]
[Site "Budapest"]
[Date "2010.12.30"]
[Round "6"]
[White "Bege, Vencel"]
[Black "Banhidi, Ferenc"]
[Result "1-0"]
[WhiteElo "1698"]
[BlackElo "1912"]
[PlyCount "108"]
[EventDate "2010.12.27"]
[EventType "swiss"]
[EventRounds "7"]
[EventCountry "HUN"]
[SourceTitle "EXT 2022"]
[Source "ChessBase"]
[SourceDate "2021.10.06"]
[SourceVersion "1"]
[SourceVersionDate "2021.10.06"]
[SourceQuality "1"]

1. d4 Nf6 2. Nf3 g6 3. Bf4 Bg7 4. e3 0-0 5. Bd3 c5 6. c3 b6 7. Nbd2 Bb7 8. 0-0 Nh5 9. Be5 d6 10. Bxg7 Kxg7 11. Rc1 Nf6 12. e4 Ba6 13. Qe2 Bxd3 14. Qxd3 cxd4 15. cxd4 Nbd7 16. e5 Ne8 17. Qe4 dxe5 18. Nxe5 Ndf6 19. Qh4 Nd6 20. Ndf3 Nf5 21. Qf4 Qd5 22. b3 Qe4 23. Qd2 Rfd8 24. Rfe1 Qd5 25. Nc6 Rd7 26. Re5 Qd6 27. g3 Rc7 28. Rxf5 gxf5 29. Qg5+ Kf8 30. Qh6+ Ke8 31. Nfe5 Ng4 32. Qxh7 Nxe5 33. Qh8+ Kd7 34. Nxe5+ Ke6 35. Qh6+ Kd5 36. Qxd6+ Kxd6 37. Nxf7+ Kd7 38. Ne5+ Kc8 39. Rd1 Rc2 40. a4 Kb7 41. Rd3 Re2 42. Kf1 Rb2 43. d5 Rc8 44. Nc6 Rc7 45. h4 Rd7 46. Ne5 Rd6 47. Nc4 Rb1+ 48. Kg2 Rg6 49. d6 exd6 50. Nxd6+ Kc6 51. Nxf5 Rf6 52. g4 Re1 53. h5 Re8 54. Kg3 Rg8 1-0

[Event "Budapest Karacsonyi op 2nd"]
[Site "Budapest"]
[Date "2010.12.28"]
[Round "2"]
[White "Banhidi, Ferenc"]
[Black "Nemeth, Miklos1111"]
[Result "0-1"]
[WhiteElo "1912"]
[BlackElo "2094"]
[PlyCount "66"]
[EventDate "2010.12.27"]
[EventType "swiss"]
[EventRounds "7"]
[EventCountry "HUN"]
[SourceTitle "EXT 2022"]
[Source "ChessBase"]
[SourceDate "2021.10.06"]
[SourceVersion "1"]
[SourceVersionDate "2021.10.06"]
[SourceQuality "1"]

1. Nf3 c5 2. e3 e6 3. b3 Nf6 4. Bb2 d5 5. Bb5+ Nbd7 6. 0-0 Bd6 7. Ne5 h5 8. Bxd7+ Bxd7 9. f4 Bb5 10. d3 Bxe5 11. Bxe5 Ng4 12. Qe1 d4 13. exd4 f6 14. dxc5 fxe5 15. Qe4 Qd4+ 16. Qxd4 exd4 17. Na3 Bc6 18. Nc4 Kd7 19. h3 Nf6 20. f5 Bd5 21. Ne5+ Kc7 22. Nf7 Rhf8 23. Ne5 exf5 24. Ng6 Rfe8 25. Rxf5 Kc6 26. Nf4 Kxc5 27. Nxd5 Nxd5 28. Rxh5 Re2 29. Rc1 Kd6 30. Rg5 Rg8 31. Rg6+ Re6 32. Rg4 Nc3 33. Rxd4+ Ke7 0-1